<?xml version="1.0" encoding="UTF-8"?>
<record
    xmlns:xsi="http://www.w3.org/2001/XMLSchema-instance"
    xsi:schemaLocation="http://www.loc.gov/MARC21/slim http://www.loc.gov/standards/marcxml/schema/MARC21slim.xsd"
    xmlns="http://www.loc.gov/MARC21/slim">

  <leader>01418nam a2200253Ia 4500</leader>
  <datafield tag="999" ind1=" " ind2=" ">
    <subfield code="c">43701</subfield>
    <subfield code="d">43701</subfield>
  </datafield>
  <controlfield tag="001">10441</controlfield>
  <controlfield tag="003">GE_BSU</controlfield>
  <controlfield tag="005">20240613123241.0</controlfield>
  <controlfield tag="008">181216s2013||||ge |||||||||||||| ||geo||</controlfield>
  <datafield tag="020" ind1=" " ind2=" ">
    <subfield code="a">9789941062520</subfield>
  </datafield>
  <datafield tag="040" ind1=" " ind2=" ">
    <subfield code="c">GE_BSU</subfield>
  </datafield>
  <datafield tag="041" ind1=" " ind2=" ">
    <subfield code="a">geo</subfield>
  </datafield>
  <datafield tag="080" ind1=" " ind2=" ">
    <subfield code="a">821.133.1-1 &#x10E4;&#x2013;87</subfield>
  </datafield>
  <datafield tag="245" ind1=" " ind2=" ">
    <subfield code="a">&#x10E4;&#x10E0;&#x10D0;&#x10DC;&#x10D2;&#x10E3;&#x10DA;&#x10D8; &#x10DE;&#x10DD;&#x10D4;&#x10D6;&#x10D8;&#x10D8;&#x10E1; &#x10D0;&#x10D7;&#x10D0;&#x10E1;&#x10EC;&#x10DA;&#x10D4;&#x10E3;&#x10DA;&#x10D8; =  Le Millenaire de la Poesie Francaise /</subfield>
    <subfield code="c">&#x10E4;&#x10E0;&#x10D0;&#x10DC;&#x10D2;. &#x10D7;&#x10D0;&#x10E0;&#x10D2;&#x10DB;&#x10DC;&#x10D0; &#x10D1;&#x10D0;&#x10D3;&#x10E0;&#x10D8; &#x10D7;&#x10D4;&#x10D5;&#x10D6;&#x10D0;&#x10EB;&#x10D4;&#x10DB; ; &#x10E0;&#x10D4;&#x10D3;. &#x10E0;&#x10DD;&#x10E1;&#x10E2;&#x10DD;&#x10DB; &#x10E9;&#x10EE;&#x10D4;&#x10D8;&#x10EB;&#x10D4; ; &#x10D0;&#x10DA;&#x10D4;&#x10E5;&#x10E1;&#x10D0;&#x10DC;&#x10D3;&#x10E0;&#x10D4; &#x10DD;&#x10E0;&#x10D1;&#x10D4;&#x10DA;&#x10D8;&#x10D0;&#x10DC;&#x10D8;&#x10E1; &#x10E1;&#x10D0;&#x10D6;-&#x10D1;&#x10D0;.</subfield>
  </datafield>
  <datafield tag="264" ind1=" " ind2=" ">
    <subfield code="a">&#x10D7;&#x10D1;&#x10D8;&#x10DA;&#x10D8;&#x10E1;&#x10D8; :</subfield>
    <subfield code="b">&#x10E9;&#x10D5;&#x10D4;&#x10DC;&#x10D8; &#x10DB;&#x10EC;&#x10D4;&#x10E0;&#x10DA;&#x10DD;&#x10D1;&#x10D0;,</subfield>
    <subfield code="c">2013.</subfield>
  </datafield>
  <datafield tag="300" ind1=" " ind2=" ">
    <subfield code="b">332 &#x10D2;&#x10D5;. ; </subfield>
    <subfield code="e">18 &#x10E1;&#x10DB;.</subfield>
  </datafield>
  <datafield tag="500" ind1=" " ind2=" ">
    <subfield code="a">&#x10D2;&#x10D0;&#x10E0;&#x10D4;&#x10D9;&#x10D0;&#x10DC;&#x10D6;&#x10D4; : &#x10DF;&#x10D0;&#x10DC;-&#x10DD;&#x10DC;&#x10DD;&#x10E0;&#x10D4; &#x10E4;&#x10E0;&#x10D0;&#x10D2;&#x10DD;&#x10DC;&#x10D0;&#x10E0;&#x10D8;&#x10E1; &#x10DC;&#x10D0;&#x10EE;&#x10D0;&#x10E2;&#x10D8; "&#x10E1;&#x10D0;&#x10E5;&#x10D0;&#x10DC;&#x10D4;&#x10DA;&#x10D0;"
</subfield>
  </datafield>
  <datafield tag="500" ind1=" " ind2=" ">
    <subfield code="a">&#x10D9;&#x10DD;&#x10DB;&#x10D4;&#x10DC;&#x10E2;&#x10D0;&#x10E0;&#x10D4;&#x10D1;&#x10D8; : &#x10D2;&#x10D5;. 310-313</subfield>
  </datafield>
  <datafield tag="500" ind1=" " ind2=" ">
    <subfield code="a">&#x10D7;&#x10D0;&#x10D5;&#x10E4;&#x10E3;&#x10E0;., &#x10E7;&#x10D3;&#x10D0; &#x10E5;&#x10D0;&#x10E0;&#x10D7;&#x10E3;&#x10DA;  &#x10D3;&#x10D0; &#x10E4;&#x10E0;&#x10D0;&#x10DC;&#x10D2;&#x10E3;&#x10DA; &#x10D4;&#x10DC;&#x10D4;&#x10D1;&#x10D6;&#x10D4;</subfield>
  </datafield>
  <datafield tag="653" ind1=" " ind2=" ">
    <subfield code="a">&#x10E4;&#x10E0;&#x10D0;&#x10DC;&#x10D2;&#x10E3;&#x10DA;&#x10D8; &#x10DE;&#x10DD;&#x10D4;&#x10D6;&#x10D8;&#x10D8;&#x10E1; &#x10D0;&#x10D7;&#x10D0;&#x10E1;&#x10EC;&#x10DA;&#x10D4;&#x10E3;&#x10DA;&#x10D8;</subfield>
  </datafield>
  <datafield tag="700" ind1=" " ind2=" ">
    <subfield code="a">&#x10E0;&#x10E3;&#x10D3;&#x10D4;&#x10DA;&#x10D8;,  &#x10DF;&#x10DD;&#x10E4;&#x10E0;&#x10D4;</subfield>
    <subfield code="e">&#x10D0;&#x10D5;&#x10E2;&#x10DD;&#x10E0;&#x10D8;</subfield>
    <subfield code="9">22420</subfield>
  </datafield>
  <datafield tag="710" ind1=" " ind2=" ">
    <subfield code="a">&#x10D0;&#x10DA;&#x10D4;&#x10E5;&#x10E1;&#x10D0;&#x10DC;&#x10D3;&#x10E0;&#x10D4; &#x10DD;&#x10E0;&#x10D1;&#x10D4;&#x10DA;&#x10D8;&#x10D0;&#x10DC;&#x10D8;&#x10E1; &#x10E1;&#x10D0;&#x10D6;&#x10DD;&#x10D2;&#x10D0;&#x10D3;&#x10DD;&#x10D4;&#x10D1;&#x10D0;</subfield>
    <subfield code="9">22421</subfield>
  </datafield>
  <datafield tag="942" ind1=" " ind2=" ">
    <subfield code="c">BK</subfield>
    <subfield code="2">udc</subfield>
  </datafield>
  <datafield tag="952" ind1=" " ind2=" ">
    <subfield code="0">0</subfield>
    <subfield code="1">0</subfield>
    <subfield code="2">udc</subfield>
    <subfield code="4">0</subfield>
    <subfield code="6">82113311_&#x10E4;87</subfield>
    <subfield code="7">0</subfield>
    <subfield code="9">55369</subfield>
    <subfield code="a">CPL</subfield>
    <subfield code="b">CPL</subfield>
    <subfield code="c">GEN</subfield>
    <subfield code="d">2018-12-17</subfield>
    <subfield code="o">821.133.1-1 &#x10E4;&#x2013;87</subfield>
    <subfield code="p">26868</subfield>
    <subfield code="r">2018-12-17</subfield>
    <subfield code="t">26868</subfield>
    <subfield code="w">2018-12-17</subfield>
    <subfield code="y">BK</subfield>
  </datafield>
  <datafield tag="952" ind1=" " ind2=" ">
    <subfield code="0">0</subfield>
    <subfield code="1">0</subfield>
    <subfield code="2">udc</subfield>
    <subfield code="4">0</subfield>
    <subfield code="6">82113311_&#x10E4;87</subfield>
    <subfield code="7">0</subfield>
    <subfield code="9">55370</subfield>
    <subfield code="a">CPL</subfield>
    <subfield code="b">CPL</subfield>
    <subfield code="c">GEN</subfield>
    <subfield code="d">2018-12-17</subfield>
    <subfield code="o">821.133.1-1 &#x10E4;&#x2013;87</subfield>
    <subfield code="p">26869</subfield>
    <subfield code="r">2018-12-17</subfield>
    <subfield code="t">26869</subfield>
    <subfield code="w">2018-12-17</subfield>
    <subfield code="y">BK</subfield>
  </datafield>
</record>
